MARC

LEADER 00000nam0a2200000 4500
001 268615
005 20231101234201.0
035 |a (RuTPU)RU\TPU\book\291766 
090 |a 268615 
100 |a 20140905d1985 k y0rusy50 ca 
101 0 |a rus 
102 |a RU 
105 |a a z 001zy 
200 1 |a Спектроскопия обменно-связанных комплексов в ионных кристаллах  |f В. Я. Митрофанов, А. Е. Никифоров, В. И. Черепанов  |g Академия наук СССР (АН СССР), Уральский научный центр (УНЦ), Институт металлургии 
210 |a Москва  |c Наука  |d 1985 
215 |a 144 с.  |c ил. 
320 |a Библиогр.: с. 135-143 
606 1 |a Кристаллы ионные  |x Спектроскопические исследования  |2 stltpush  |3 (RuTPU)RU\TPU\subj\53473  |9 71703 
610 1 |a спектроскопия 
610 1 |a обменно-связанные комплексы 
610 1 |a классификация 
610 1 |a диэлектрики 
610 1 |a энергетический спектр 
610 1 |a ЭПР-спектроскопия 
610 1 |a оптические спектры 
675 |a 548.312  |v 3 
700 1 |a Митрофанов  |b В. Я.  |g Валентин Яковлевич 
701 1 |a Никифоров  |b А. Е.  |g Анатолий Елеферьевич 
701 1 |a Черепанов  |b В. И.  |g Владимир Иванович 
712 0 2 |a Академия наук СССР (АН СССР)  |b Уральский научный центр (УНЦ)  |b Институт металлургии  |c (Свердловск)  |2 stltpush  |3 (RuTPU)RU\TPU\col\11568 
801 1 |a RU  |b 63413507  |c 20140905 
801 2 |a RU  |b 63413507  |c 20200929  |g RCR 
942 |c BK